A history of English literature

This book provides a comprehensive survey of English literatures. Presented as a narrative, and usable as a work of reference, this text offers an account of literature from the beginnings of English until the present day. The author begins by examining the scope of such a history in terms of time,...

全面介紹

Đã lưu trong:
書目詳細資料
主要作者: Alexander, Michael
格式: 圖書
語言:Undetermined
出版: New York, N.Y. Palgrave MacMillan 2000
主題:
標簽: 添加標簽
沒有標簽, 成為第一個標記此記錄!
Thư viện lưu trữ: Trung tâm Học liệu Trường Đại học Cần Thơ
LEADER 01326nam a2200229Ia 4500
001 CTU_65709
008 210402s9999 xx 000 0 und d
020 |c 165000 
082 |a 820.9 
082 |b A377 
100 |a Alexander, Michael 
245 2 |a A history of English literature 
245 0 |c Michael Alexander 
260 |a New York, N.Y. 
260 |b Palgrave MacMillan 
260 |c 2000 
520 |a This book provides a comprehensive survey of English literatures. Presented as a narrative, and usable as a work of reference, this text offers an account of literature from the beginnings of English until the present day. The author begins by examining the scope of such a history in terms of time, place, and the meaning of "English". The classical status of any particular work is open to challenge, and the notion of classical status itself is explored. The text is unrivalled in its use of pedagogical features and exhibits, offering invaluable insights into particular works, authors' biographies, and literary periods (Back cover) 
650 |a English literature,Trung tâm Học liệu trường ĐHCT 
650 |x History and criticism,Văn học Anh 
650 |y Lịch sả và bình luận 
904 |i Minh, Huỳnh Mai 
980 |a Trung tâm Học liệu Trường Đại học Cần Thơ